Опыт подготовки магистров по направлению "Приборостроение"; Совершенствование содержания и технологии учебного процесса

書目詳細資料
Parent link:Совершенствование содержания и технологии учебного процесса.— 2010.— С. 181-182
主要作者: Гормаков А. Н. Анатолий Николаевич
其他作者: Дмитриев В. С. Виктор Степанович
語言:俄语
出版: 2010
主題:
格式: Book Chapter
KOHA link:https://koha.lib.tpu.ru/cgi-bin/koha/opac-detail.pl?biblionumber=185130

MARC

LEADER 00000naa2a2200000 4500
001 185130
005 20231031172701.0
035 |a (RuTPU)RU\TPU\book\200801 
090 |a 185130 
100 |a 20101001d2010 k y0rusy50 ca 
101 0 |a rus 
102 |a RU 
200 1 |a Опыт подготовки магистров по направлению "Приборостроение"  |f А. Н. Гормаков, В. С. Дмитриев 
463 0 |0 (RuTPU)RU\TPU\book\191281  |t Совершенствование содержания и технологии учебного процесса  |o сборник трудов научно-методической конференции, г. Томск, 12-13 февраля 2010 г.  |f Томский политехнический университет (ТПУ)   |v С. 181-182  |d 2010  |p 279 с. 
610 1 |a магистерская подготовка 
610 1 |a многоуровневое образование 
610 1 |a магистры 
610 1 |a специальности 
610 1 |a приборостроение 
610 1 |a труды учёных ТПУ 
700 1 |a Гормаков  |b А. Н.  |c российский учёный в области точного приборостроения  |c доцент Томского политехнического университета  |g Анатолий Николаевич  |2 stltpush  |3 (RuTPU)RU\TPU\pers\26483 
701 1 |a Дмитриев  |b В. С.  |c специалист в области точного приборостроения  |c доктор технических наук, профессор Томского политехнического университета, зав. кафедрой точного приборостроения (ТПС) ЭФФ  |f 1940-  |g Виктор Степанович  |2 stltpush  |3 (RuTPU)RU\TPU\pers\25818 
801 1 |a RU  |b 63413507  |c 20101001 
942 |c BK